Differential equations (Record no. 1432125)

MARC details
000 -LEADER
fixed length control field 02293nam a2200277 4500
005 - DATE AND TIME OF LATEST TRANSACTION
control field 20250623102727.0
008 - FIXED-LENGTH DATA ELEMENTS--GENERAL INFORMATION
fixed length control field 250623b |||||||| |||| 00| 0 eng d
020 ## - INTERNATIONAL STANDARD BOOK NUMBER
International Standard Book Number 9783111185248
040 ## - CATALOGING SOURCE
Original cataloging agency CSL
Transcribing agency CSL
041 ## - LANGUAGE CODE
Source of code eng
Language code of text/sound track or separate title eng
084 ## - COLON CLASSIFICATION NUMBER
Classification number B33 R4
100 ## - MAIN ENTRY--PERSONAL NAME
Personal name Ambrosetti, Antonio
Relator term author.
245 ## - TITLE STATEMENT
Title Differential equations
Remainder of title : A first course on ODE and a brief introduction to PDE
250 ## - EDITION STATEMENT
Edition statement 2nd ed.
260 ## - PUBLICATION, DISTRIBUTION, ETC.
Place of publication, distribution, etc. Berlin :
Name of publisher, distributor, etc. Walter de gruyter,
Date of publication, distribution, etc. 2024.
300 ## - PHYSICAL DESCRIPTION
Extent xv, 361 p.
Other physical details : ill.
Dimensions ; 24 cm.
500 ## - GENERAL NOTE
General note Includes index and bibliography
520 ## - SUMMARY, ETC.
Summary, etc. The first part of this book is mainly intended as a textbook for students at the Sophomore-Junior level, majoring in mathematics, engineering, or the sciences in general. The book includes the basic topics in Ordinary Differential Equations, normally taught at the undergraduate level, such as linear and nonlinear equations and systems, Bessel functions, Laplace transform, stability, etc. It is written with ample flexibility to make it appropriate either as a course stressing application, or a course stressing rigor and analytical thinking. It also offers sufficient material for a one-semester graduate course, covering topics such as phase plane analysis, oscillation, Sturm-Liouville equations, Euler-Lagrange equations in Calculus of Variations, first and second order linear PDE in 2D. There are substantial lists of exercises at the ends of the chapters. In this edition complete solutions to all even number problems are given in the back of the book. The 2nd edition also includes some new problems and examples. An effort has been made to make the material more suitable and self-contained for undergraduate students with minimal knowledge of Calculus. For example, a detailed review of matrices and determinants has been added to the chapter on systems of equations. The second edition also contains corrections of some misprints and errors in the first edition.
650 ## - SUBJECT ADDED ENTRY--TOPICAL TERM
Topical term or geographic name entry element Differential equations
650 ## - SUBJECT ADDED ENTRY--TOPICAL TERM
Topical term or geographic name entry element Mathematics
650 ## - SUBJECT ADDED ENTRY--TOPICAL TERM
Topical term or geographic name entry element Laplace transform.Euler
9 (RLIN) 813612
650 ## - SUBJECT ADDED ENTRY--TOPICAL TERM
Topical term or geographic name entry element Phase plane analysis.
9 (RLIN) 813613
650 ## - SUBJECT ADDED ENTRY--TOPICAL TERM
Topical term or geographic name entry element Euler-Lagrange equations
9 (RLIN) 813614
700 ## - ADDED ENTRY--PERSONAL NAME
Personal name Ahmad, Shair
Relator term co-author.
942 ## - ADDED ENTRY ELEMENTS (KOHA)
Source of classification or shelving scheme Colon Classification (CC)
Koha item type Textual
Edition 2nd ed.
Classification part B33 R4
Suppress in OPAC No

No items available.

Copyright @ Delhi University Library System